Edelsteine - Statistiken

Allgemein
  • Dieses Quiz wurde 350 mal gespielt
  • Das Durchschnittsergebnis liegt bei 35 aus 189
Antwortstatistiken
Edelsteine % Korrekt
Rubin
90%
Diamant
87%
Smaragd
87%
Saphir
73%
Opal
69%
Amethyst
60%
Bernstein
55%
Rosenquarz
55%
Quarz
51%
Bergkristall
47%
Jade
47%
Aquamarin
46%
Achat
45%
Topas
45%
Turmalin
42%
Lapislazuli
41%
Tigerauge
40%
Granat
37%
Citrin
35%
Obsidian
35%
Mondstein
34%
Onyx
34%
Malachit
33%
Jaspis
30%
Türkis
30%
Calcit
26%
Karneol
26%
Zirkon
26%
Amazonit
25%
Aventurin
24%
Pyrit
24%
Peridot
23%
Rauchquarz
23%
Sonnenstein
23%
Azurit
22%
Rhodonit
22%
Blauquarz
21%
Fluorit
21%
Hämatit
21%
Marmor
21%
Moosachat
20%
Dolomit
19%
Heliotrop
19%
Labradorit
19%
Tansanit
19%
Chalcedon
18%
Chrysokoll
18%
Chrysopras
18%
Falkenauge
18%
Magnesit
18%
Alexandrit
17%
Aragonit
17%
Baumachat
17%
Katzenauge
17%
Larimar
17%
Lava
17%
Selenit
17%
Serpentin
17%
Bronzit
16%
China Jade
16%
Feuerachat
16%
Fuchsit
16%
Magnetit
16%
Morganit
16%
Orangencalcit
16%
Sodalith
16%
Tigereisen
16%
Adamin
15%
Alabaster
15%
Angel Aura
15%
Apatit
15%
Aqua Aura
15%
Brasilianit
15%
Buntkupfer
15%
Eisenkiesel
15%
Epidot
15%
Feensteine
15%
Feuercalcit
15%
Galaxyit
15%
Heliodor
15%
Lasurit
15%
Mookait
15%
Piemontit
15%
Rhyolith
15%
Sarder
15%
Sardonyx
15%
Schneequarz
15%
Versteinerstes Holz
15%
Zoisit
15%
Brucit
14%
Burmajade
14%
Dalmatinerstein
14%
Erdbeerquarz
14%
Gagat
14%
Kunzit
14%
Moosopal
14%
Muskovit
14%
Obsidian Lamellen
14%
Obsidian Mahagoni
14%
Obsidian Silber
14%
Purpurit
14%
Rhodochrosit
14%
Rosasit
14%
Rutil
14%
Tektit
14%
Turmalinquarz
14%
Turmalin Schörl
14%
Turmalin Verdelith
14%
Verdit
14%
Vesuvianit
14%
Wulfenit
14%
Ametrin
13%
Andenopal
13%
Baryt
13%
Diopsid
13%
Erlan
13%
Hessonit
13%
Hiddenit
13%
Moqui Marbles
13%
Nephrit
13%
Nunderit
13%
Obsidian Regenbogen
13%
Obsidian Snowflake
13%
Ozeanjaspis
13%
Perlmutt-Perle
13%
Romanechit
13%
Schlangenjaspis
13%
Siderit
13%
Titanit
13%
Türkenit
13%
Zebradolomit
13%
Zebrajaspis
13%
Anhydrit
12%
Disthen
12%
Gabbro
12%
Geothit
12%
Girasol
12%
Heulandit
12%
Hilutit
12%
Howlith
12%
Lolith
12%
Phosphosiderit
12%
Pietersit
12%
Sambesit
12%
Sandrosen
12%
Stichtit
12%
Stromatolith
12%
Thulit
12%
Turmalin Dravit
12%
Turmalin Trubellit
12%
Zitronenmagnesit
12%
Albit
11%
Andalusit
11%
Coelestin
11%
Grossular
11%
Honigcalcit
11%
Prasem
11%
Scheelit
11%
Seraphinit
11%
Skarn
11%
Sturmanit
11%
Ulexit
11%
Variscit
11%
Chloritquarz
10%
Danburit
10%
Fluorit Opal
10%
Hypersthen
10%
Mariposit
10%
Olmiit
10%
Prehnit
10%
Galenit
9%
Kalkoolith
9%
Limonit
9%
Onkolith
9%
Perthit
9%
Schungit
9%
Lepidolith
8%
Eldarit
5%
Almandin
4%
Aktinolith
3%
Sugilith
3%
Chiastolith
2%
Dumortierit
2%
Orthocerat
2%
Septarie
2%
Demantoid
1%
Petalit
1%
Apophyllit
0%
Klinoptilolith
0%
Keine übereinstimmenden Quizze gefunden
Verteilung der Resultate
Anzahl Personen mit jedem Resultat
Perzentil nach korrekt beantworteten Fragen
Ihre Resultats-Entwicklung
Sie haben dieses Quiz noch nicht gespielt